The pulpit commentary volume 5: (Record no. 17964)

000 -LEADER
fixed length control field 00491nam a22001697a 4500
003 - CONTROL NUMBER IDENTIFIER
control field OkBaRHE
005 - DATE AND TIME OF LATEST TRANSACTION
control field 20111027150132.0
008 - FIXED-LENGTH DATA ELEMENTS--GENERAL INFORMATION
fixed length control field 111025t xxu||||| |||| 00| 0 eng d
040 ## - CATALOGING SOURCE
Transcribing agency
050 ## - LIBRARY OF CONGRESS CALL NUMBER
Classification number BS 491
Item number .S77 Vol. 5
100 ## - MAIN ENTRY--PERSONAL NAME
Personal name Spence,H. D. M.
9 (RLIN) 1661
245 ## - TITLE STATEMENT
Title The pulpit commentary volume 5:
Remainder of title I & II Kings
260 ## - PUBLICATION, DISTRIBUTION, ETC. (IMPRINT)
Place of publication, distribution, etc Grand Rapids, MI
Name of publisher, distributor, etc WM. B. Eerdmans Publishing Company
Date of publication, distribution, etc 1950
300 ## - PHYSICAL DESCRIPTION
Extent v. (1-23)
Dimensions 24 cm.
650 ## - SUBJECT ADDED ENTRY--TOPICAL TERM
Topical term or geographic name as entry element Bible
General subdivision Commentaries.
9 (RLIN) 1662
942 ## - ADDED ENTRY ELEMENTS (KOHA)
Source of classification or shelving scheme
Koha item type Books
Copies
Permanent Location Source of classification or shelving scheme Lost status Full call number Barcode Price effective from Withdrawn status Koha item type Date last seen Damaged status Copy number Shelving location Not for loan Current Location Date acquired
RHEMA Bible Training College  BS 491 .S77 Vol. 5222672011-10-27 Books2011-10-27 1General Stacks RHEMA Bible Training College2011-10-27